000 00704nam a22001937a 4500
003 OSt
005 20160624185207.0
008 160624b xxu||||| |||| 00| 0 eng d
040 _cLIC
082 _22005
_aDC 769.029
_bOl12
110 _910446
_aPark West Gallery (Southfield, Mich.)
245 _aOld and modern masters :
_bDurer, Rembrandt, Goya, Renoir, Picasso, Miro, Chagall /
_cwith essays by David R. Smith
260 _aSouthfield, Mich. :
_bPark West Gallery,
_cc2005.
300 _a216 pages:
_bcolor illustrations;
_c28 cm.
650 0 _910447
_aPark West Gallery (Southfield, Mich.)
_xCatalogs
650 0 _910448
_aPrints
_xCatalogs
650 0 _910449
_aPrints
_xTechnique
942 _2ddc
_cDC
999 _c3130
_d3130